| 000 | 00805nam a22002417a 4500 | ||
|---|---|---|---|
| 003 | UA-OsUOA | ||
| 001 | 26780 | ||
| 007 | ta | ||
| 008 | 20040609b un ||||| |||| 00| 0 ukr d | ||
| 100 | _aЛитвиненко В.І, | ||
| 090 |
_a651.4 _bЛ64 |
||
| 942 | _cBK | ||
| 040 |
_aUA-OsUOA _bukr _cUA-OsUOA _dUA-OsUOA |
||
| 245 |
_aОрганізація діловодства (документаційне забезпечення управління) _bНавчально-методичні матеріали для студентів спеціальності "Правознавство" |
||
| 300 | _a46 с. | ||
| 955 | _a0 | ||
| 041 | _aukr | ||
| 080 | _a651.4 | ||
| 260 |
_aТернопіль _b"Економічна думка" _c2001 |
||
| 044 | _aUA | ||
| 650 | 7 | _2UDC | |
| 999 |
_c313109 _d313109 |
||